Kitab Maqalah Fil Islam Tranl. Essays on Islam. (Record no. 1207)

MARC details
000 -LEADER
fixed length control field 00533nam a2200217 a 4500
020 ## - INTERNATIONAL STANDARD BOOK NUMBER
ISBN
082 00 - DEWEY DECIMAL CLASSIFICATION NUMBER
Classification number 297.1
Author Cutter SEL
100 ## - MAIN ENTRY--AUTHOR NAME
Author name Sell, G
245 ## - TITLE STATEMENT
Title Kitab Maqalah Fil Islam Tranl. Essays on Islam.
260 ## - PUBLICATION, DISTRIBUTION, ETC. (IMPRINT)
Place of publication Cairo
Name of publisher Nile Mission Press
Year of publication 1925
300 ## - PHYSICAL DESCRIPTION
Number of Pages 439p
500 ## - GENERAL NOTE
General note includes index and biblioraphy
650 ## - SUBJECT ADDED ENTRY--TOPICAL TERM
Topical Term Islam-Meccan Trade
942 ## - ADDED ENTRY ELEMENTS (KOHA)
Koha item type Books
Holdings
Collection code Home library Current library Date acquired Cost, normal purchase price Full call number Accession Number Koha item type
  Henry Martyn Institute Library Henry Martyn Institute Library 07/30/2007 100.00 297.1 SEL 04793 Books
                   Copyright © 2026 | Henry Martyn Institute | Hyderabad | TS-500052 | INDIA | Implemented by hmi.edu.in
Hit-Count:

Powered by Koha